Klasický a abstraktní model v architektuře 20. století
Gespeichert in:
| 1. Verfasser: | |
|---|---|
| Format: | Buch |
| Sprache: | Tschechisch |
| Veröffentlicht: |
Praha :
České vysoké učení technické v Praze,
1992
|
| Ausgabe: | 1. vyd. |
| Tags: |
Keine Tags, Fügen Sie das erste Tag hinzu!
|
MARC
| LEADER | 00000nam a22000003a 4500 | ||
|---|---|---|---|
| 001 | stu12035 | ||
| 005 | 20150617225802.3 | ||
| 008 | 951126s1992----cs------------------cze-d | ||
| 040 | |a STU |b slo | ||
| 041 | 0 | |a cze | |
| 044 | |a cs | ||
| 100 | 1 | |a Urlich, Petr |4 aut | |
| 245 | 1 | |a Klasický a abstraktní model v architektuře 20. století | |
| 250 | |a 1. vyd. | ||
| 260 | |a Praha : |b České vysoké učení technické v Praze, |c 1992 | ||
| 300 | |a 146 s | ||
| 996 | |b 284AS02171 |c A*2480 S |l AAKNST |s P |a 0 |w stu12035_0001 | ||
| 996 | |b 284AS01491 |c A*2477 S |l AAKNAR |s A |a 24 |w stu12035_0002 | ||
| 996 | |b 284AS01492 |c A*2478 S |l AAKNAR |s A |a 24 |w stu12035_0003 | ||
| 996 | |b 284AS01493 |c A*2479 S |l AAKNAR |s A |a 24 |w stu12035_0004 | ||